000 01248nam a22002657a 4500
999 _c175778
_d175778
005 20200929145100.0
010 _aB-736368
020 _c200.00
_a8170551420
035 _aB-736368
037 _bडी.बी.ए.डी./ उपहार
082 _a
_bमंटोस
100 _aमंटो, सआदत हसन
245 _aरोज़ एक कहानी /
_cसआदत हसन मंटो; संपादक नरेंद्र मोहन
246 _aRoz ek kahani /
_bby Saadat Hasan Manto; sampadak Narendra Mohan
260 _aनयी दिल्ली
_bवाणी प्रकाशन
_c2010(आवृत्ति)
270 _a4695,21-ए, दरियागंज
_bनयी दिल्ली
_e110002
300 _a176पृ.
_c20सेमी(सजिल्द)
650 _aहिन्दी साहित्य
650 _aहिन्दी -- कहानियाँ
650 _aHindi literature
650 _aHindi -- Stories
700 _aनरेंद्र मोहन
_969914
942 _2ddc
_cHN
_h
_mमंटोस